[Event "Stay Safe Play From Home 238"]
[Site "Emanuel Lasker Arena"]
[Date "2020.06.19"]
[Round "8"]
[White "Toosieslide"]
[Black "Germanicus G"]
[Result "1-0"]
[WhiteElo "2257"]
[BlackElo "1312"]
[Annotator "TA"]
[PlyCount "59"]
[EventDate "2020.06.19"]
[EventType "swiss (blitz)"]

{[%evp 9,59,24,31,28,71,79,110,100,100,76,109,102,104,87,150,129,144,121,140,142,182,172,216,219,235,144,215,218,218,216,217,220,256,214,208,210,335,313,297,272,325,315,516,544,950,930,854,859,29987,29988,29988,29989]} 1. d4 b6 2. c4 Bb7 3. Nc3 Nf6 4. f3 e6 5. e4 Bb4 6. Nge2 {[#] A50: Queen's Fianchetto Defence (1 d4 Nf6 2 c4 b6).} Bxc3+ $146 ({Predecessor:} 6... O-O 7. a3 Be7 8. Be3 c6 9. Ng3 d5 10. e5 Ne8 11. cxd5 cxd5 12. Bd3 g6 13. O-O {½-½ (31) Balcazar Novoa,L (2153)-Gonzalez,M (2175) ICCF email 2017}) 7. Nxc3 Qe7 8. Be3 {White is better.} d6 9. Bd3 Nbd7 10. O-O c5 11. d5 e5 (11... O-O $142) 12. Qd2 O-O 13. Rae1 h6 14. Ne2 Kh8 15. Ng3 {Nf5 is the strong threat.} Nh7 16. Nf5 Qf6 17. f4 Rad8 (17... h5 $16 18. g3 Rac8) 18. fxe5 $18 Nxe5 {[#]} 19. Nxh6 $1 Qg6 20. Nf5 Bc8 21. Bf4 Bxf5 22. exf5 Qh5 (22... Qf6 $142 23. Bxe5 dxe5) 23. Bxe5 dxe5 24. Rxe5 f6 25. Re3 Rfe8 $2 (25... Ng5 {might work better.} 26. Re7 Rf7) 26. Rh3 Qf7 27. Rf4 Kg8 28. Rfh4 g5 29. fxg6 {[%mdl 64] [#] Double Attack} Qe7 30. Rxh7 {Black did not feel at home in the position after the opening. Accuracy: White = 90%, Black = 25%.} 1-0

[Event "Stay Safe Play From Home 238"]
[Site "Emanuel Lasker Arena"]
[Date "2020.06.19"]
[Round "8"]
[White "Lamborghini"]
[Black "Tolka"]
[Result "0-1"]
[WhiteElo "2225"]
[BlackElo "2197"]
[Annotator "TA"]
[PlyCount "80"]
[EventDate "2020.06.19"]
[EventType "swiss (blitz)"]

{[%evp 9,80,14,22,8,24,19,52,46,46,47,47,47,49,45,38,40,87,83,103,108,124,114,119,120,132,128,248,248,465,464,477,467,972,951,1398,1337,1537,530,504,450,449,166,180,164,151,139,260,-819,62,0,315,196,255,244,300,0,0,-874,-857,-29991,-29990,-29990,-29991,-29991,-29973,-12795,-1176,-6299,-1440,-2189,-2156,-1578,-1456]} 1. e4 e5 2. Nf3 Nc6 3. Bc4 Nf6 4. c3 Be7 5. d4 d6 6. dxe5 {C50: Hungarian Defence and Giuoco Pianissimo.} dxe5 7. Qe2 Bg4 8. h3 {White is slightly better.} Bh5 9. O-O O-O {[#]} 10. Re1 $146 ({Predecessor:} 10. Nbd2 a6 11. a4 Qe8 12. b4 Bd6 13. Re1 a5 14. b5 Nd8 15. Nf1 Bg6 16. Ng3 {1-0 (41) Klima,L (2439)-Voloshin,L (2449) Czechia 2009}) 10... Qc8 11. Nbd2 {[%cal Bb1d2,Bd2f1,Bf1g3,Bg3f5][%mdl 32]} Na5 12. Bd3 Bd6 13. Nf1 Nc6 14. Ng3 Bxf3 15. Qxf3 Ne7 16. Bg5 Qe6 17. Bc2 {And now Bb3 would win.} Ng6 (17... c5 $16 18. Bxf6 Qxf6) 18. Bb3 $18 Qe7 $2 (18... Qe8 19. Bxf6 gxf6) 19. Nf5 Qd8 20. Rad1 h6 {[#]} (20... a5 $142 21. Nh6+ Kh8) 21. Nxh6+ $1 {[%mdl 576] Deflection} gxh6 22. Bxf6 Qe8 {[#]} 23. Qf5 (23. Qh5 $142 $1 {[%cal Rh5g6]} Kh7 24. Bg5) 23... Kh7 24. h4 Qc8 25. Qf3 $2 (25. g3) 25... Nf4 26. g3 Rg8 27. Bxf7 {Hoping for Bg5.} Qh3 (27... Rf8 $16 {was worth a try.}) 28. Qh1 $4 {[%mdl 8192] [#]} (28. Bxg8+ $18 Rxg8 29. Re3) 28... Qg4 $2 (28... Rxg3+ $1 $19 {[%mdl 512]} 29. fxg3 Bc5+ 30. Rd4 Qxg3+ {[%mdl 64] Double Attack} 31. Kf1 Rf8) 29. h5 ({White should try} 29. Bxg8+ $14 Rxg8 30. h5) 29... Bc5 $2 {[%mdl 8192]} (29... Rgf8 $11 {and Black stays safe.} 30. Qh4 Qf3 31. gxf4 Rxf7 32. fxe5 Bxe5 33. Bxe5 Rg8+ 34. Kf1 Rg5) 30. Bg6+ Rxg6 (30... Nxg6 $142 31. hxg6+ Rxg6 32. Bxe5 Bb6) 31. hxg6+ Kxg6 32. Bh4 $2 (32. Qh4 $18 Nh3+ 33. Kg2 Nxf2 34. Qxg4+ (34. Bxe5 Qxh4 35. gxh4 Nxd1 $16) 34... Nxg4 35. Rd8 Rxd8 36. Bxd8) 32... Rf8 $40 {[%mdl 128] ( -> ...Ne2+). Black is up to no good.} 33. Qh2 $2 {[%mdl 8192]} ({Don't blunder} 33. Kf1 $2 Nh3 $19) (33. Rd2 $11) 33... Nh3+ $19 {[%mdl 64] Double Attack} 34. Kh1 Rxf2 35. Qxf2 Nxf2+ 36. Kg2 Qh3+ 37. Kf3 Ng4 (37... Nxd1 $142 38. Rxd1 Qh2) 38. Ke2 Qg2+ (38... Qh2+ $142 39. Kd3 Nf2+ {[%mdl 64] Double Attack} 40. Kc4 Nxd1 {[%mdl 64] Discovered Attack} 41. Rxd1 Qe2+ {[%mdl 64] Double Attack} 42. Kxc5 Qxd1) 39. Kd3 Nf2+ {[%mdl 64] Double Attack} 40. Kc4 Nxd1 {[%mdl 64] Discovered Attack. What a bad dream for White. Accuracy: White = 57%, Black = 45%.} 0-1

[Event "Stay Safe Play From Home 238"]
[Site "Emanuel Lasker Arena"]
[Date "2020.06.19"]
[Round "8"]
[White "Chase the sun"]
[Black "Greblah"]
[Result "1-0"]
[WhiteElo "1840"]
[BlackElo "1884"]
[Annotator "NA RC"]
[PlyCount "109"]
[EventDate "2020.06.19"]
[EventType "swiss (blitz)"]

1. e4 {[%emt 0:00:01]} c6 {[%emt 0:00:00]} 2. d4 {[%emt 0:00:01]} d5 {[%emt 0:00:00]} 3. exd5 {[%emt 0:00:00]} cxd5 {[%emt 0:00:01]} 4. Bd3 {[%emt 0:00:00]} Nc6 {[%emt 0:00:01]} 5. c3 {[%emt 0:00:00]} g6 {[%emt 0:00:00]} 6. Bf4 {[%emt 0:00:01]} Bg7 {[%emt 0:00:00]} 7. Nf3 {[%emt 0:00:00]} f6 {[%emt 0:00:02]} 8. Nbd2 {[%emt 0:00:00]} Nh6 {[%emt 0:00:01]} 9. O-O {[%emt 0:00:02]} Nf7 {[%emt 0:00:01]} 10. Bb5 {[%emt 0:00:02]} O-O {[%emt 0:00:01]} 11. Bxc6 {[%emt 0:00:00]} bxc6 {[%emt 0:00:01]} 12. h3 {[%emt 0:00:01]} e5 {[%emt 0:00:01]} 13. dxe5 {[%emt 0:00:01]} fxe5 {[%emt 0:00:00]} 14. Be3 {[%emt 0:00:01]} e4 {[%emt 0:00:00]} 15. Nd4 {[%emt 0:00:01]} Bd7 {[%emt 0:00:03]} 16. Qc2 {[%emt 0:00:03]} Ne5 {[%emt 0:00:01]} 17. f3 {[%emt 0:00:01]} exf3 {[%emt 0:00:03]} 18. N2xf3 {[%emt 0:00:00]} Nc4 {[%emt 0:00:02]} 19. Bf2 {[%emt 0:00:02]} Bf5 {[%emt 0:00:01]} 20. Qe2 {[%emt 0:00:02]} Re8 {[%emt 0:00:02]} 21. Qd1 {[%emt 0:00:02]} Ne3 {[%emt 0:00:01]} 22. Qb3 {[%emt 0:00:01]} Nxf1 {[%emt 0:00:02]} 23. Rxf1 {[%emt 0:00:00]} Qf6 {[%emt 0:00:02]} 24. Qa4 {[%emt 0:00:03]} c5 {[%emt 0:00:02]} 25. Nb5 {[%emt 0:00:01]} a6 {[%emt 0:00:01]} 26. Nc7 {[%emt 0:00:01]} Bd7 {[%emt 0:00:01]} 27. Qc2 {[%emt 0:00:03]} Bf5 {[%emt 0:00:05]} 28. Qd2 {[%emt 0:00:01]} Qc6 {[%emt 0:00:02]} 29. Nxa8 {[%emt 0:00:01]} Rxa8 {[%emt 0:00:01]} 30. Bg3 {[%emt 0:00:01]} Re8 {[%emt 0:00:01]} 31. Qf4 {[%emt 0:00:01]} Qe6 {[%emt 0:00:02]} 32. Ng5 {[%emt 0:00:02]} Qf6 {[%emt 0:00:01]} 33. Nf3 {[%emt 0:00:02]} d4 {[%emt 0:00:01]} 34. cxd4 {[%emt 0:00:01]} cxd4 {[%emt 0:00:01]} 35. Rd1 {[%emt 0:00:01]} d3 {[%emt 0:00:01]} 36. Qc4+ {[%emt 0:00:03]} Be6 {[%emt 0:00:03]} 37. Ne1 {[%emt 0:00:00]} Qd4+ {[%emt 0:00:02]} 38. Qxd4 {[%emt 0:00:02]} Bxd4+ {[%emt 0:00:00]} 39. Kh2 {[%emt 0:00:00]} Bxb2 {[%emt 0:00:01]} 40. Nxd3 {[%emt 0:00:01]} Bg7 {[%emt 0:00:03]} 41. Nf4 {[%emt 0:00:00]} Bf5 {[%emt 0:00:00]} 42. Rd7 {[%emt 0:00:02]} Rf8 {[%emt 0:00:00]} 43. Bh4 {[%emt 0:00:00]} Kh8 {[%emt 0:00:00]} 44. Be7 {[%emt 0:00:00]} h6 {[%emt 0:00:00]} 45. Rd8 {[%emt 0:00:00]} Kg8 {[%emt 0:00:01]} 46. Rxf8+ {[%emt 0:00:00]} Bxf8 {[%emt 0:00:00]} 47. Bxf8 {[%emt 0:00:00]} Kxf8 {[%emt 0:00:01]} 48. g4 {[%emt 0:00:00]} Kg7 {[%emt 0:00:00]} 49. Kg3 {[%emt 0:00:00]} Bd7 {[%emt 0:00:02]} 50. Kf3 {[%emt 0:00:01]} g5 {[%emt 0:00:00]} 51. Ke3 {[%emt 0:00:00]} Kf6 {[%emt 0:00:00]} 52. Nd5+ {[%emt 0:00:01]} Ke5 {[%emt 0:00:02]} 53. Nc3 {[%emt 0:00:00]} Bb5 {[%emt 0:00:01]} 54. Ne2 {[%emt 0:00:00]} Bc4 {[%emt 0:00:01]} 55. Nd4 {[%emt 0:00:00] Zeit} 1-0

[Event "Stay Safe Play From Home 238"]
[Site "Emanuel Lasker Arena"]
[Date "2020.06.19"]
[Round "8"]
[White "Robk"]
[Black "Trotsky"]
[Result "1/2-1/2"]
[WhiteElo "1625"]
[BlackElo "1498"]
[Annotator "NA RC"]
[PlyCount "85"]
[EventDate "2020.06.19"]
[EventType "swiss (blitz)"]

1. e4 {[%emt 0:00:03]} c5 {[%emt 0:00:01]} 2. Nf3 {[%emt 0:00:02]} e6 {[%emt 0:00:00]} 3. d4 {[%emt 0:00:01]} d6 {[%emt 0:00:01]} 4. dxc5 {[%emt 0:00:02]} dxc5 {[%emt 0:00:01]} 5. Qxd8+ {[%emt 0:00:01]} Kxd8 {[%emt 0:00:01]} 6. Nc3 {[%emt 0:00:01]} Bd6 {[%emt 0:00:01]} 7. Be3 {[%emt 0:00:01]} Nc6 {[%emt 0:00:01]} 8. O-O-O {[%emt 0:00:02]} Bd7 {[%emt 0:00:01]} 9. Rxd6 {[%emt 0:00:03]} Kc7 {[%emt 0:00:01]} 10. Rd1 {[%emt 0:00:03]} Nf6 {[%emt 0:00:01]} 11. Be2 {[%emt 0:00:02]} Rad8 {[%emt 0:00:01]} 12. h3 {[%emt 0:00:03]} b5 {[%emt 0:00:01]} 13. a3 {[%emt 0:00:01]} a5 {[%emt 0:00:01]} 14. Nxb5+ {[%emt 0:00:02]} Kb6 {[%emt 0:00:01]} 15. Nd6 {[%emt 0:00:01]} Rb8 {[%emt 0:00:03]} 16. Nxf7 {[%emt 0:00:02]} Rhg8 {[%emt 0:00:02]} 17. N7e5 {[%emt 0:00:01]} Rgc8 {[%emt 0:00:06]} 18. Nxd7+ {[%emt 0:00:02]} Nxd7 {[%emt 0:00:01]} 19. Rxd7 {[%emt 0:00:01]} Rb7 {[%emt 0:00:04]} 20. Rhd1 {[%emt 0:00:01]} Rcb8 {[%emt 0:00:01]} 21. Rxb7+ {[%emt 0:00:02]} Rxb7 {[%emt 0:00:01]} 22. Bf4 {[%emt 0:00:01]} Ne7 {[%emt 0:00:06]} 23. Ne5 {[%emt 0:00:00]} Nc6 {[%emt 0:00:01]} 24. Nd7+ {[%emt 0:00:02]} Ka7 {[%emt 0:00:03]} 25. Nxc5 {[%emt 0:00:01]} Rb5 {[%emt 0:00:01]} 26. Nxe6 {[%emt 0:00:02]} Kb6 {[%emt 0:00:02]} 27. Nxg7 {[%emt 0:00:03]} a4 {[%emt 0:00:01]} 28. Be3+ {[%emt 0:00:01]} Ka5 {[%emt 0:00:03]} 29. Rd7 {[%emt 0:00:00]} Rxb2 {[%emt 0:00:01]} 30. Kxb2 {[%emt 0:00:02]} Nd4 {[%emt 0:00:04]} 31. Rxd4 {[%emt 0:00:01]} h5 {[%emt 0:00:01]} 32. Nf5 {[%emt 0:00:01]} h4 {[%emt 0:00:01]} 33. g4 {[%emt 0:00:00]} Kb6 {[%emt 0:00:01]} 34. Nxh4 {[%emt 0:00:00]} Kc7 {[%emt 0:00:01]} 35. Rxa4 {[%emt 0:00:00]} Kc8 {[%emt 0:00:01]} 36. Rc4+ {[%emt 0:00:00]} Kb7 {[%emt 0:00:01]} 37. Kb3 {[%emt 0:00:00]} Ka8 {[%emt 0:00:01]} 38. Kb4 {[%emt 0:00:00]} Kb7 {[%emt 0:00:02]} 39. Kb5 {[%emt 0:00:00]} Kb8 {[%emt 0:00:00]} 40. Rc6 {[%emt 0:00:00]} Ka8 {[%emt 0:00:01]} 41. Kc5 {[%emt 0:00:00]} Kb8 {[%emt 0:00:00]} 42. Kd6 {[%emt 0:00:00]} Ka8 {[%emt 0:00:00]} 43. Kc7 {[%emt 0:00:00] (Lag: Av=0.37s, max=0.8s) .} 1/2-1/2

[Event "Stay Safe Play From Home 238"]
[Site "Emanuel Lasker Arena"]
[Date "2020.06.19"]
[Round "8"]
[White "Klasman"]
[Black "Meini"]
[Result "0-1"]
[WhiteElo "1227"]
[BlackElo "1577"]
[Annotator "NA RC"]
[PlyCount "58"]
[EventDate "2020.06.19"]
[EventType "swiss (blitz)"]

1. f4 {[%emt 0:00:01]} Nf6 {[%emt 0:00:04]} 2. Nf3 {[%emt 0:00:02]} b6 {[%emt 0:00:01]} 3. d4 {[%emt 0:00:03]} Bb7 {[%emt 0:00:01]} 4. e3 {[%emt 0:00:01]} d6 {[%emt 0:00:01]} 5. Be2 {[%emt 0:00:01]} Nbd7 {[%emt 0:00:01]} 6. O-O {[%emt 0:00:01]} c5 {[%emt 0:00:02]} 7. c3 {[%emt 0:00:03]} g6 {[%emt 0:00:02]} 8. Nbd2 {[%emt 0:00:02]} Bg7 {[%emt 0:00:01]} 9. Nb3 {[%emt 0:00:02]} O-O {[%emt 0:00:01]} 10. dxc5 {[%emt 0:00:01]} Nxc5 {[%emt 0:00:03]} 11. Nxc5 {[%emt 0:00:02]} dxc5 {[%emt 0:00:01]} 12. Bc4 {[%emt 0:00:04]} Qxd1 {[%emt 0:00:03]} 13. Rxd1 {[%emt 0:00:01]} Rfd8 {[%emt 0:00:00]} 14. Bd2 {[%emt 0:00:02]} e6 {[%emt 0:00:01]} 15. Ne5 {[%emt 0:00:03]} Ne4 {[%emt 0:00:02]} 16. Be1 {[%emt 0:00:03]} Bxe5 {[%emt 0:00:02]} 17. fxe5 {[%emt 0:00:02]} Kg7 {[%emt 0:00:04]} 18. Bg3 {[%emt 0:00:05]} Nxg3 {[%emt 0:00:01]} 19. hxg3 {[%emt 0:00:01]} Bd5 {[%emt 0:00:05]} 20. Bd3 {[%emt 0:00:06]} f5 {[%emt 0:00:03]} 21. exf6+ {[%emt 0:00:02]} Kxf6 {[%emt 0:00:01]} 22. e4 {[%emt 0:00:01]} Bc6 {[%emt 0:00:03]} 23. Kf2 {[%emt 0:00:03]} Rd7 {[%emt 0:00:01]} 24. Ke3 {[%emt 0:00:01]} Rad8 {[%emt 0:00:01]} 25. Be2 {[%emt 0:00:01]} Rxd1 {[%emt 0:00:02]} 26. Rxd1 {[%emt 0:00:01]} Rxd1 {[%emt 0:00:00]} 27. Bxd1 {[%emt 0:00:02]} e5 {[%emt 0:00:01]} 28. Bf3 {[%emt 0:00:01]} Kg5 {[%emt 0:00:01]} 29. g4 {[%emt 0:00:01]} h5 {[%emt 0:00:00] Time (Lag: Av=0.33s, max=0.6s)} 0-1

[Event "Stay Safe Play From Home 238"]
[Site "Emanuel Lasker Arena"]
[Date "2020.06.19"]
[Round "9"]
[White "Mepe_Nika"]
[Black "Chase the sun"]
[Result "0-1"]
[WhiteElo "2384"]
[BlackElo "1859"]
[Annotator "TA"]
[PlyCount "40"]
[EventDate "2020.06.19"]
[EventType "swiss (blitz)"]

{[%evp 9,40,33,33,29,37,32,63,60,71,-18,36,-58,-59,-37,-39,-55,-49,-160,-144,-318,-331,-309,-204,-208,-208,-669,-633,-29994,-29995,-29997,-29997,-29997,-29990]} 1. d4 e6 2. Bf4 f5 3. e3 Nf6 4. c4 Be7 5. Nc3 O-O 6. Bd3 {A80: Dutch Defence: Unusual White second moves.} d6 7. Nf3 Qe8 8. O-O {White is slightly better.} Nc6 9. Qc2 {[#]} (9. Re1 $16) 9... Bd8 $146 (9... Nb4 $11 10. Qd1 Nxd3 11. Qxd3 b6) ({Predecessor:} 9... Nb4 10. Qe2 Nxd3 11. Qxd3 b6 12. Rfe1 Bb7 13. Nd2 Qg6 14. d5 e5 15. Bg3 Nh5 {0-1 (42) Galopoulos,P (1170)-Skoulakis,C (1370) Chania 2003}) 10. e4 (10. Be2 $14) 10... e5 $1 $15 11. dxe5 dxe5 {...Nb4 is the strong threat.} 12. Bg5 f4 13. Bxf6 (13. Be2 $15) 13... Rxf6 $17 14. Nd5 $2 {[#]} (14. c5 $17) 14... Rh6 $1 $19 15. Rfd1 Bg4 {Strongly threatening ...Bxf3.} 16. Be2 {[#]} Qh5 $1 17. h3 $2 {[#]} (17. Qb3) 17... Bxh3 $1 {[%mdl 512]} 18. Nxe5 (18. gxh3 Qxh3) 18... Bg4 {[%csl Gh6][%cal Rh5h1] Black mates.} 19. f3 Qh2+ 20. Kf1 Qg3 {White did not feel at home in the position after the opening. Accuracy: White = 35%, Black = 70%.} 0-1

[Event "Stay Safe Play From Home 238"]
[Site "Emanuel Lasker Arena"]
[Date "2020.06.19"]
[Round "9"]
[White "MarkonY"]
[Black "Broken sword"]
[Result "0-1"]
[WhiteElo "2341"]
[BlackElo "2373"]
[Annotator "TA"]
[PlyCount "124"]
[EventDate "2020.06.19"]
[EventType "swiss (blitz)"]

{[%evp 11,124,7,10,4,-3,-7,0,-22,-27,-32,-23,-10,-12,-38,-16,-4,0,0,0,8,0,0,0,-47,-26,-54,-59,-64,-57,-51,-54,-68,-77,-93,0,-58,22,-31,-18,-18,77,0,76,0,92,19,179,170,135,101,125,18,1132,1135,1558,1547,1495,1454,29986,3044,29980,2298,29988,70,58,0,14,0,3130,109,237,0,0,0,0,0,0,0,60,-834,1,0,0,0,0,0,0,-642,63,0,49,-158,280,262,250,139,150,-125,-125,-336,-328,-5181,-5065,-631,-214,-255,-39,-495,-31,-94,-88,-112,-101,-122,-86]} 1. d4 d5 2. c4 c6 3. Nc3 Nf6 4. e3 Bf5 5. Nf3 e6 6. Bd3 Bg6 7. Bxg6 {D12: Slav Defence: 3 Nf3 Nf6 4 e3 Bf5.} hxg6 8. Qb3 Qb6 {[#]} 9. c5 $146 {The position is equal.} ({Predecessor:} 9. Qxb6 axb6 10. cxd5 exd5 11. O-O Bd6 12. h3 O-O 13. Ng5 Re8 14. Re1 Bb4 15. Bd2 {½-½ (28) Graff,M (1824)-Lafleur,J (1770) Stein 2002}) 9... Qc7 10. Qc2 Nbd7 11. e4 dxe4 12. Nxe4 Nxe4 13. Qxe4 Nf6 14. Qe2 Be7 15. O-O Nd5 16. h3 Bf6 17. Ne5 Rd8 18. f4 O-O 19. Bd2 Ne7 20. Bc3 Rd5 21. Rad1 Rfd8 22. g4 Nc8 (22... b6 $17 23. b4 Rb8) 23. Qe4 (23. Qf3 $11) 23... Be7 (23... b6 $15 24. b4 g5) 24. f5 (24. Rd3 $11) 24... exf5 25. gxf5 g5 (25... gxf5 $11 26. Qxf5 (26. Rxf5 Bxc5 {[%mdl 64] Pin} 27. Nxf7 Nd6 $15) 26... Bxc5 27. Qxf7+ Qxf7 28. Nxf7 R8d7) 26. Rde1 (26. Qg4 $16) 26... Bf6 (26... f6 $11 27. Ng4 Qg3+ 28. Qg2 Qxg2+ 29. Kxg2 R5d7) 27. Re2 (27. Qg4 $1 $16) 27... Ne7 (27... b6 $1 $11 {keeps the balance.} 28. b4 a5 29. cxb6 Nxb6 30. bxa5 Nc4) 28. Ng4 (28. Qg4 $16) 28... R5d7 $2 (28... Kf8 $11 {and Black is okay.}) 29. Nxf6+ $18 gxf6 30. Qg4 $36 {[%mdl 2048] White is on the roll.} Nd5 31. h4 (31. Bd2 $1 $16 {[%cal Rd2g5] Threatens to win with Bxg5!} Re7 32. Rxe7 Qxe7 33. Re1) 31... Nf4 $2 {[%mdl 8192]} (31... Re7 $11 32. Rxe7 (32. hxg5 Rxe2 33. gxf6+ Kf8 $11) 32... Qxe7) 32. Rh2 Rxd4 33. Bxd4 Rxd4 34. hxg5 Kf8 35. Rh8+ (35. gxf6 $142 Ke8 36. Re1+ Kd7 37. Re7+ {[%mdl 64] Double Attack, Skewer} Kc8 38. Rh8+ Qd8 39. Rxd8+ Rxd8 40. Qxf4) 35... Ke7 36. gxf6+ (36. Re1+ $142 Kd7 37. gxf6 Ne2+ 38. Qxe2 Qg3+ 39. Kh1 Rh4+ 40. Rxh4 {[%mdl 64] Overworked Piece} Qxh4+ 41. Kg2 Qg5+ 42. Kh3) 36... Kd7 37. Qf3 $2 (37. Qg8 {mates} Ne2+ 38. Kh1 Ng3+ 39. Kg1 Ne2+ 40. Kh1 Ng3+ 41. Kg2 $1 {[%mdl 512]} Rd2+ 42. Kf3 $1 {[%mdl 512]}) 37... Qe5 $1 $14 38. Rh7 (38. Qb3 $14 Ne2+ 39. Kh1 Qe4+ 40. Kh2 Qe5+ 41. Kh1 Qe4+ 42. Kh2 Qe5+ 43. Kh3) 38... Ne2+ 39. Kh1 Ke8 $2 {[%mdl 8192] [#]} (39... Ng3+ $11 40. Kg1 Nxf1 41. Rxf7+ Kc8 42. Rf8+ (42. Kxf1 Qxc5 43. Re7 Qc1+ 44. Re1 Rf4 $17) 42... Kd7 43. Rf7+ Kd8 44. Rf8+ (44. Kxf1 Qxc5 45. Re7 Qc1+ 46. Re1 Rf4 $17) 44... Kd7 45. Rf7+) 40. Rh8+ $2 (40. Re1 $1 Re4 41. Rh8+ Kd7 42. Qb3 $1 {[%mdl 576] Double Attack} Ng3+ {[%mdl 64] Discovered Attack} 43. Kg2 $1 {[%mdl 512]} Re2+ 44. Rxe2 Qxe2+ 45. Kh3 $1 {[%mdl 512]} Qf1+ 46. Kxg3 Qe1+ 47. Kf3 $1 {[%mdl 512]} Qf1+ 48. Ke4 $1 {[%mdl 512]} Qe1+ 49. Qe3 Qxe3+ 50. Kxe3) 40... Kd7 $18 {[#] Strongly threatening ...Ng3+.} 41. Kg2 $2 (41. Re1 $1 $18 Qxf6 42. Rh2) 41... Nf4+ $11 42. Kg1 Ne2+ 43. Kg2 Nf4+ 44. Kg1 Nd5 (44... Ne2+ $11 45. Kg2) 45. Kg2 $2 {[%mdl 8192]} (45. Qh5 $14 Qe3+ 46. Kh1 Qe4+ 47. Qf3) 45... Rd2+ $2 ({Black should play} 45... Ne3+ $19 46. Kh1 Nxf1 47. Qxf1 Qe4+ 48. Kh2 Rd2+ {[%mdl 64] Double Attack} 49. Kg3 Qe5+ 50. Kg4 Rd4+ 51. Kh3 Rd2) 46. Kg1 Qd4+ 47. Rf2 Rd1+ ({Reject} 47... Qxc5 $6 48. Rh7 $16) 48. Kg2 Ne3+ 49. Kg3 $2 {[%mdl 8192] [#]} (49. Kh3 $11) 49... Rg1+ $2 (49... Rd3 $1 $19 50. Qe2 Qe4) 50. Kh2 (50. Kh3 $14) 50... Rg5 {( -> ...Ng4+)} 51. Qf4 $2 (51. Re2 $14 Nd5 52. Qf2 Qxf6 53. Ree8) 51... Qxf4+ $2 (51... Ng4+ $17 {and life is bright.} 52. Kg2 Qxf2+ 53. Qxf2 Nxf2+ 54. Kxf2 Rxf5+ {[%mdl 64] Double Attack} 55. Ke3 Rxc5) 52. Rxf4 $17 {[%mdl 4096] Endgame KRR-KRN} Nd5 53. Rd4 ({White should try} 53. Rf3 $18) 53... Rxf5 $16 54. Rxd5+ $2 (54. Kg3 $16 {keeps the pressure on.}) 54... Rxd5 {KR-KR} 55. Rh7 $2 (55. b4 $17) 55... Ke6 $19 56. Rg7 $2 (56. Kg3) 56... Rh5+ 57. Kg2 Re5 $2 (57... Kxf6 58. Rg3 Rxc5 59. Rf3+ Kg6) 58. Rg3 {If only White now had time for Rb3....} Rf5 $2 ({Weaker is} 58... Kxf6 59. Rb3 $17) (58... Re2+ $19 59. Kf3 Rxb2) 59. Rf3 $2 {[%mdl 8192]} (59. Rb3 $15) 59... Rxf6 $2 (59... Rxf3 $19 60. Kxf3 a5) 60. Re3+ (60. Rb3 $15) 60... Kd7 $17 {Black is better.} 61. Rd3+ Kc7 62. Rb3 Rg6+ {Accuracy: White = 36%, Black = 44%.} 0-1

[Event "Stay Safe Play From Home 238"]
[Site "Emanuel Lasker Arena"]
[Date "2020.06.19"]
[Round "9"]
[White "Tolka"]
[Black "Grazie"]
[Result "1-0"]
[WhiteElo "2215"]
[BlackElo "1823"]
[Annotator "TA"]
[PlyCount "69"]
[EventDate "2020.06.19"]
[EventType "swiss (blitz)"]

{[%evp 9,69,17,20,0,6,0,0,0,-6,-9,0,6,16,-6,-8,-21,-18,-15,-14,-24,0,-39,0,0,56,59,128,0,50,38,21,-35,12,11,25,20,85,81,151,79,221,70,78,81,126,119,208,197,208,193,207,192,185,137,140,149,203,200,175,139,171,162]} 1. e4 e6 2. d4 d5 3. exd5 exd5 4. Nf3 c6 5. c4 Nf6 6. cxd5 {C01: French: Exchange Variation.} Nxd5 7. Bc4 {[#]} Bb4+ $146 ({Predecessor:} 7... Be7 8. O-O O-O 9. Nc3 Be6 10. Bd3 Nd7 11. Re1 Re8 12. Bb1 N7f6 13. a3 g6 {½-½ (13) Trpkovic,M (1940)-Panic,S Kragujevac 2015}) 8. Bd2 {The position is equal.} Bxd2+ 9. Nbxd2 {[%cal Bb1d2,Bd2e4,Be4d6][%mdl 32]} O-O 10. O-O h6 11. h3 Be6 12. Qb3 Qb6 13. Ne4 Qxb3 14. Bxb3 Nd7 15. Nd6 b6 16. Rac1 c5 ({Black should try} 16... Rad8 $11) 17. Rfd1 $36 {[%mdl 2048] Black must now prevent dxc5. White has some pressure.} Nf4 (17... cxd4 $14 18. Nxd4 Nc5) 18. Bxe6 ({Only move:} 18. d5 $1 $16 {[%cal Rd5e6]} Ne2+ 19. Kh2 Nxc1 20. Rxc1 (20. dxe6 Nxb3 21. exd7 Na5 $11) 20... Bxd5 21. Bxd5) 18... Nxe6 19. d5 Nf4 {Hoping for ...Ne2+.} 20. Kf1 ({Better is} 20. Rc4 $11 Ng6 21. b4) 20... Rad8 21. Nb5 a6 22. Nc7 a5 (22... Nf6 $11 {keeps the balance.}) 23. d6 Nf6 {[#]} ({Black should play} 23... Rb8) 24. h4 (24. Ne5 $142 $1) 24... Rd7 {[#]} (24... Ng6 $16) 25. g3 $2 (25. Ne5 $1 $18) 25... Ng6 $1 26. Nb5 Rfd8 27. Re1 Nf8 (27... Rb7 $16 28. Kg2 Re8) 28. Ne5 $18 {White is clearly better.} Rb7 29. Nc6 Rdd7 30. Ne7+ Kh8 31. Nf5 Ne6 32. Rcd1 Ng4 (32... Nd8 $16 {keeps fighting.} 33. Ne7 g6) 33. f3 Nf6 34. Kf2 Ne8 35. h5 {Accuracy: White = 68%, Black = 47%.} 1-0